Valoración espectroquímica del C en aceros ordinarios / (Record no. 39269)

MARC details
000 -LEADER
campo de control de longitud fija 00690nam a2200181 i 4500
001 - NÚMERO DE CONTROL
campo de control 39269
003 - IDENTIFICADOR DE NÚMERO DE CONTROL
campo de control ES-MaACL
005 - FECHA Y HORA DE LA ÚLTIMA TRANSACCIÓN
campo de control 20230906155928.0
007 - CAMPO FIJO DE DESCRIPCIÓN FÍSICA--INFORMACIÓN GENERAL
campo de control de longitud fija t|
008 - DATOS DE LONGITUD FIJA--INFORMACIÓN GENERAL
campo de control de longitud fija 030227s1948 sp ||||1| spa d
100 1# - ENTRADA PRINCIPAL--NOMBRE DE PERSONA
Nombre de persona Camuñas Puig, Antonio.
9 (RLIN) 34355
245 10 - MENCIÓN DEL TÍTULO
Título Valoración espectroquímica del C en aceros ordinarios /
Mención de responsabilidad, etc. por A. Camuñas Puig y E. Asensi Alvarez-Arenas.
260 ## - PUBLICACIÓN, DISTRIBUCIÓN, ETC.
Lugar de publicación, distribución, etc. Madrid :
Nombre del editor, distribuidor, etc. [s.n.,
Fecha de publicación, distribución, etc. 1948] (
Fabricante Imp. del I.N.T.A.)
300 ## - DESCRIPCIÓN FÍSICA
Extensión 21 p. :
Otras características físicas il. ;
Dimensiones 24 cm.
500 ## - NOTA GENERAL
Nota general Precede al tít.: Instituto Nacional de Técnica Aeronáutica. Sección de Información y Publicaciones.
700 1# - ENTRADA AGREGADA--NOMBRE PERSONAL
Nombre de persona Asensi Alvarez-Arenas, Enrique.
9 (RLIN) 23574
852 ## - LOCALIZACIÓN
Ubicación ES-MaACL
Número de control de estantería 1519-F-10
Sublocalización o colección R.26437
Holdings
Estatus retirado Estado de pérdida Estado de daño No para préstamo Colección Biblioteca de origen Biblioteca actual Ubicación en estantería Fecha de adquisición Fuente de adquisición Total de préstamos Signatura topográfica completa Código de barras Visto por última vez Precio de reemplazo Tipo de ítem Koha
        Colección de folletos Biblioteca del Ateneo de Madrid Biblioteca del Ateneo de Madrid Depósito folletos 17/01/2008     1519-F-10 1041349 23/02/2023 23/02/2023 Folleto